000 00386nam a2200121Ia 4500
005 20260328104257.0
008 260328s9999||||xx |||||||||||||| ||und||
100 _aSociedad Colombiana de Arquitectos
245 0 _aXXIV Bienal Colombiana de Arquitectura 2014 /
_cSociedad Colombiana de Arquitectos
260 _bSociedad Colombiana de Arquitectos
650 _aARQUITECTURA
942 _cBK
999 _c10460
_d10460